Amazônia sustentável : (Registro nro. 3340)

Detalles MARC
000 -CABECERA
Campo de control 01317nam a2200325 a 4500
005 - FECHA Y HORA DE LA ULTIMA TRANSACCION
Campo de control 20160817111151.0
008 - ELEMENTOS DE LONGITUD FIJA—INFORMACION GENERAL
Campo de control 140311b2000 bl bd|||r|||| 00| 0 por d
020 ## - ISBN
ISBN 8588192012 (Banco mundial)
020 ## - ISBN
ISBN 9573000848 (Imazon)
040 ## - FUENTE DE CATALOGACIÓN
Agencia catalogadora original CO-BoIAVH
Agencia transcriptora CO-BoIAVH
041 1# - IDIOMA
Código de idioma para texto/pista de sonido o título separado Portugués
Código de idioma de la versión original y/o traducciones intermedias del texto Inglés
044 ## - PAÍS DE PUBLICACIÓN
País de publicación Brasil
082 04 - NUMERO DE CLASIFICACION DECIMAL DEWEY
Número de clasificación 333.7613
Número del ítem A48s
100 1# - ASIENTO PRINCIPAL--NOMBRE PERSONAL
Nombre personal Schneider, Robert R.
Término relacionado autor
9 (RLIN) 18305
245 10 - MENCION DE TITULO
Título Amazônia sustentável :
Parte restante del título limitantes e oportunidades para o desenvolvimento rural /
Mención de responsabilidad Robert R. Schneider [y otros 4]
246 ## - FORMA VARIANTE DEL TITULO
Título propiamente dicho/forma breve del título Sustainable Amazon limitations and opportunities for rural development
260 ## - PUBLICACION, DISTRIBUCION, ETC. (PIE DE IMPRENTA)
Lugar de publicación, distribución, etc. Brasilia :
Nombre del editor, distribuidor, etc. Banco Mundial ;
-- Imazon,
Fecha de publicación, distribución, etc. 2000.
300 ## - DESCRIPCION FISICA
Extensión 58 páginas :
Otros detalles físicos mapas y tablas ;
Dimensiones 27 x 21 cm.
505 ## - NOTA DE CONTENIDO
Nota de contenido Vol. 1: versión en portugues
505 ## - NOTA DE CONTENIDO
Nota de contenido Vol. 2: versión en inglés año de publicación 2002
650 26 - ASIENTO SECUNDARIO DE MATERIA - TERMINO TEMATICO
Término temático o nombre geográfico como elemento de entrada Política ambiental
Subdivisión geográfica Amazonia (Brasil)
9 (RLIN) 74456
650 26 - ASIENTO SECUNDARIO DE MATERIA - TERMINO TEMATICO
Término temático o nombre geográfico como elemento de entrada Recursos forestales
Subdivisión geográfica Amazonia (Brasil)
9 (RLIN) 74457
650 26 - ASIENTO SECUNDARIO DE MATERIA - TERMINO TEMATICO
Término temático o nombre geográfico como elemento de entrada Reservas forestales
Subdivisión geográfica Amazonia (Brasil)
9 (RLIN) 74458
650 26 - ASIENTO SECUNDARIO DE MATERIA - TERMINO TEMATICO
Término temático o nombre geográfico como elemento de entrada Economía agrícola
Subdivisión geográfica Amazonia (Brasil)
9 (RLIN) 74459
700 1# - ASIENTO SECUNDARIO - NOMBRE PERSONAL
Nombre personal Arima, Eugenio
Término de relación autor
9 (RLIN) 19593
700 1# - ASIENTO SECUNDARIO - NOMBRE PERSONAL
Nombre personal Veríssimo, Adalberto
Término de relación autor
9 (RLIN) 13409
700 1# - ASIENTO SECUNDARIO - NOMBRE PERSONAL
Nombre personal Barreto, Paulo
Término de relación autor
9 (RLIN) 13408
700 1# - ASIENTO SECUNDARIO - NOMBRE PERSONAL
Nombre personal Souza Júnior, Carlos
Término de relación autor
9 (RLIN) 19594
942 ## - ELEMENTOS ADICIONALES (KOHA)
Tipo de ítem Informe Técnico
Sistema de clasificación Dewey Decimal Classification
Existencias
Withdrawn status Lost status Sistema de Clasificación Damaged status No para préstamo Colección Inventariado Ubicación Permanente Ubicación actual Fecha de adquisición Fuente de Valor Valor Total Checkouts Número topográfico Inventario / Código de Barras Date last seen Ejemplar Price effective from Forma de adquisición Tipo de material
    Dewey Decimal Classification     General Inventariado 2017 Sala Fabio Quevedo Sala Fabio Quevedo 21/05/2003 Instituto 50000.00   LB-333.7613 A48s 005324 04/12/2012 V. 1 Ej. 1 04/12/2012 Donación Libro
    Dewey Decimal Classification     General Inventariado 2017 Sala Fabio Quevedo Sala Fabio Quevedo 21/05/2003 Instituto 50000.00   LB-333.7613 A48s 005325 04/12/2012 V. 2 Ej. 1 04/12/2012 Donación Libro